| 000 | 003600000a22001570004500 | ||
|---|---|---|---|
| 005 | 20120302053554.0 | ||
| 942 | _cBOOK | ||
| 245 | _a Siddha-17: 1983 | ||
| 260 | _aMumbai:Siddharth College,1983 | ||
| 300 | _aiii,5-99p | ||
| 040 | _aENG | ||
| 365 | _bRs. | ||
| 650 | _aAmbedkar's Independent Labour Party | ||
| 650 | _aSadanand Rege | ||
| 650 | _aSiddha-17 | ||
| 999 |
_c343230 _d343227 |
||